[Event "Olympiad Women-44"]
[Site "Chennai"]
[Date "2022.08.06"]
[Round "8.2"]
[White "Zavala Galindo, Alejandra Beatriz"]
[Black "O'Gorman, Alice"]
[Result "1/2-1/2"]
[WhiteElo "1748"]
[BlackElo "2043"]
[PlyCount "98"]
[EventDate "2022.07.29"]
[EventType "team-swiss"]
[EventRounds "11"]
[EventCountry "IND"]
[SourceTitle "CBM 210"]
[Source "ChessBase"]
[SourceDate "2022.10.31"]
[SourceVersion "1"]
[SourceVersionDate "2022.10.31"]
[SourceQuality "1"]
[WhiteTeam "El Salvador (W)"]
[BlackTeam "Ireland (W)"]
[WhiteTeamCountry "ESA"]
[BlackTeamCountry "IRL"]

1. e4 e5 2. Bc4 Nf6 3. d3 Bc5 4. Nf3 Nc6 5. Bb3 0-0 6. 0-0 a6 7. c3 Re8 8. Be3 Ba7 9. h3 d5 10. Bxa7 Rxa7 11. Nbd2 h6 12. Re1 dxe4 13. dxe4 Nh5 14. Nc4 Qf6 15. Ne3 Ne7 16. Ng4 Bxg4 17. hxg4 Nf4 18. g3 Ne6 19. Kg2 Raa8 20. Qe2 Ng5 21. Rad1 Rad8 22. Nxg5 Qxg5 23. Qc4 Kh7 24. Qxc7 Rxd1 25. Rxd1 Qxg4 26. Qxe5 f6 27. Qe6 Qxe6 28. Bxe6 Nc6 29. Bf5+ g6 30. Rd7+ Re7 31. Rxe7+ Nxe7 32. Be6 Kg7 33. f4 b6 34. Kf3 g5 35. Bc4 b5 36. Bd5 f5 37. fxg5 hxg5 38. Bb7 a5 39. Ba6 b4 40. cxb4 axb4 41. a3 bxa3 42. bxa3 Kf6 43. exf5 Kxf5 44. Bd3+ Ke5 45. a4 Nc6 46. Bb5 Na5 47. Kg4 Kf6 48. Kf3 Ke5 49. Kg4 Kf6 1/2-1/2

[Event "Olympiad Women-44"]
[Site "Chennai"]
[Date "2022.08.03"]
[Round "6.3"]
[White "Zavala Galindo, Alejandra Beatriz"]
[Black "Liu, Yang Hazel"]
[Result "0-1"]
[WhiteElo "1748"]
[BlackElo "2046"]
[PlyCount "78"]
[EventDate "2022.07.29"]
[EventType "team-swiss"]
[EventRounds "11"]
[EventCountry "IND"]
[SourceTitle "CBM 210"]
[Source "ChessBase"]
[SourceDate "2022.10.31"]
[SourceVersion "1"]
[SourceVersionDate "2022.10.31"]
[SourceQuality "1"]
[WhiteTeam "El Salvador (W)"]
[BlackTeam "Singapore (W)"]
[WhiteTeamCountry "ESA"]
[BlackTeamCountry "SIN"]

1. e4 c5 2. Nf3 a6 3. c4 d6 4. d4 cxd4 5. Nxd4 Nf6 6. Nc3 e6 7. Be3 Be7 8. Be2 0-0 9. 0-0 b6 10. f3 Bb7 11. Qd2 Nbd7 12. Nc2 Qc7 13. Rfd1 Rfd8 14. Rac1 Rac8 15. Ne1 Qb8 16. b3 Qa8 17. Na4 Qa7 18. Bf1 Nc5 19. Nxc5 dxc5 20. Qc3 Qb8 21. Nd3 Nd7 22. Bf4 Bd6 23. e5 Bc7 24. Bg3 Nf8 25. Nf2 Ng6 26. f4 h5 27. h4 Ne7 28. Be2 Qa8 29. Bf1 Nf5 30. Nh3 Nd4 31. Qe1 Nf5 32. Qc3 Rxd1 33. Rxd1 Rd8 34. Nf2 Rxd1 35. Nxd1 Qd8 36. Qe1 Nxg3 37. Qxg3 Qxd1 38. Qg5 g6 39. Qe7 Qd8 0-1

[Event "American Continental 16th"]
[Site "San Salvador"]
[Date "2022.05.06"]
[Round "6"]
[White "Zavala Galindo, Alejandra Beatriz"]
[Black "Cabezas Solano, David Alejandro"]
[Result "0-1"]
[WhiteElo "1757"]
[BlackElo "2084"]
[PlyCount "60"]
[EventDate "2022.05.02"]
[EventType "swiss"]
[EventRounds "11"]
[EventCountry "ESA"]
[SourceTitle "CBM 208 Extra"]
[Source "ChessBase"]
[SourceDate "2022.07.31"]
[SourceVersion "1"]
[SourceVersionDate "2022.07.31"]
[SourceQuality "1"]

1. e4 c5 2. Nf3 Nc6 3. c4 e5 4. Nc3 d6 5. d3 g6 6. g3 Bg7 7. Bg2 Nge7 8. 0-0 0-0 9. Ne1 f5 10. f4 Be6 11. Nd5 Qd7 12. Rb1 Rab8 13. Be3 b5 14. b3 bxc4 15. dxc4 fxe4 16. Bxe4 Nf5 17. Bc1 Nfd4 18. Nd3 Bg4 19. Qe1 Rbe8 20. fxe5 Nxe5 21. Nxe5 Rxf1+ 22. Qxf1 Rxe5 23. Bg2 Ne2+ 24. Kh1 Rh5 25. Nf6+ Bxf6 26. Qxf6 Nxg3+ 27. Kg1 Ne2+ 28. Kh1 Rf5 29. Bd5+ Rxd5 30. cxd5 Qe7 0-1

[Event "American Continental 16th"]
[Site "San Salvador"]
[Date "2022.05.05"]
[Round "5"]
[White "Ramirez Madrid, Gerardo Alfonso"]
[Black "Zavala Galindo, Alejandra Beatriz"]
[Result "1/2-1/2"]
[WhiteElo "1998"]
[BlackElo "1757"]
[PlyCount "69"]
[EventDate "2022.05.02"]
[EventType "swiss"]
[EventRounds "11"]
[EventCountry "ESA"]
[SourceTitle "CBM 208 Extra"]
[Source "ChessBase"]
[SourceDate "2022.07.31"]
[SourceVersion "1"]
[SourceVersionDate "2022.07.31"]
[SourceQuality "1"]

1. Nf3 d6 2. c4 g6 3. Nc3 Bg7 4. g3 e5 5. d4 Nc6 6. d5 Nce7 7. e4 h6 8. Bg2 f5 9. 0-0 Nf6 10. Ne1 0-0 11. Nd3 g5 12. exf5 Bxf5 13. f3 Ng6 14. Ne4 Qd7 15. Ndf2 Qe7 16. Be3 b6 17. b4 Nxe4 18. fxe4 Bd7 19. Rc1 a5 20. a3 axb4 21. axb4 Ra3 22. Nd3 Rxf1+ 23. Qxf1 Qf8 24. Qxf8+ Bxf8 25. Bf1 Kf7 26. Bf2 Be7 27. c5 bxc5 28. bxc5 Bb5 29. Nxe5+ Nxe5 30. Bxb5 Ra2 31. cxd6 Bxd6 32. h3 Rb2 33. Ba6 Ra2 34. Bf1 Ra4 35. Bg2 1/2-1/2

[Event "American Continental 16th"]
[Site "San Salvador"]
[Date "2022.05.03"]
[Round "2"]
[White "Zavala Galindo, Alejandra Beatriz"]
[Black "Leal Escamilla, Daniel Zinedine"]
[Result "0-1"]
[WhiteElo "1757"]
[BlackElo "1415"]
[PlyCount "96"]
[EventDate "2022.05.02"]
[EventType "swiss"]
[EventRounds "11"]
[EventCountry "ESA"]
[SourceTitle "EXT 2023"]
[Source "ChessBase"]
[SourceDate "2022.10.05"]
[SourceVersion "1"]
[SourceVersionDate "2022.10.05"]
[SourceQuality "1"]

1. e4 e5 2. Nf3 Nf6 3. Nc3 Nc6 4. Bc4 Nxe4 5. Nxe4 d5 6. Bb5 dxe4 7. Nxe5 Qg5 8. Nxc6 Qxb5 9. Nd4 Qg5 10. Rg1 Bc5 11. Nb3 Bxf2+ 12. Kxf2 Qf4+ 13. Ke1 Bg4 14. d4 e3 15. Rf1 Qxf1+ 16. Kxf1 Bxd1 17. Bxe3 Bxc2 18. Nd2 Bd3+ 19. Kf2 0-0 20. Nf3 f6 21. Rc1 c6 22. Rc3 Be4 23. Ne1 Rfd8 24. Nd3 Bxd3 25. Rxd3 c5 26. Ke2 cxd4 27. Rxd4 Rxd4 28. Bxd4 Re8+ 29. Kf3 a6 30. Bc3 Kf7 31. h4 Re6 32. g3 Ke7 33. Bb4+ Kd7 34. Bf8 g6 35. Bb4 f5 36. Bc3 Re4 37. a3 Kc6 38. Bg7 Kb5 39. Bf6 Kc4 40. Bg7 Kb3 41. Bf6 a5 42. Bg7 b5 43. Bf6 b4 44. axb4 axb4 45. Bg7 Ka2 46. Bf6 b3 47. Bg7 Rc4 48. Be5 Rc2 0-1

[Event "Online Olym Div3 E"]
[Site "Chess.com INT"]
[Date "2020.08.09"]
[Round "7.5"]
[White "Zavala Galindo, Alejandra Beatriz"]
[Black "Kaslan, Alexandra"]
[Result "0-1"]
[WhiteElo "1740"]
[BlackElo "1435"]
[PlyCount "126"]
[EventDate "2020.08.07"]
[EventType "team-tourn (rapid)"]
[EventRounds "9"]
[EventCountry "USA"]
[SourceTitle "CBM 198"]
[Source "ChessBase"]
[SourceDate "2020.10.31"]
[SourceVersion "1"]
[SourceVersionDate "2020.10.31"]
[SourceQuality "1"]
[WhiteTeam "El Salvador"]
[BlackTeam "Surinam"]
[WhiteTeamCountry "ESA"]
[BlackTeamCountry "SUR"]

1. e4 e6 2. d4 d5 3. exd5 exd5 4. Bd3 Nf6 5. Nf3 Bd6 6. h3 0-0 7. 0-0 c6 8. c3 Be6 9. Re1 Nbd7 10. Ne5 Qc7 11. f4 Nb6 12. Nd2 c5 13. Ndf3 h6 14. Qe2 Rfe8 15. Qf2 c4 16. Bc2 Rad8 17. Qh4 Be7 18. Qf2 Qc8 19. Bd2 Bf5 20. Be3 Bxc2 21. Qxc2 Ne4 22. Nd2 f5 23. Nxe4 fxe4 24. Rf1 Bf6 25. Rae1 Qe6 26. Qe2 Bxe5 27. fxe5 Rf8 28. Rxf8+ Rxf8 29. Rf1 Rxf1+ 30. Qxf1 Qf7 31. Qf2 Qxf2+ 32. Kxf2 Kf7 33. Kg3 Ke6 34. Kg4 Nd7 35. Kh5 Nf8 36. g4 b5 37. h4 a5 38. a3 Kf7 39. g5 hxg5 40. Bxg5 Ne6 41. Be3 Nc7 42. Kg5 Na6 43. Kf5 g6+ 44. Kg5 Nc7 45. Kg4 Na6 46. Bd2 Nc7 47. Bg5 Ne6 48. Bd2 Nc7 49. Be3 Na6 50. Bg5 b4 51. Bd8 bxa3 52. bxa3 a4 53. Kg5 e3 54. h5 gxh5 55. Kxh5 e2 56. Bh4 Ke6 57. Kg6 Nc7 58. Kg5 Nb5 59. Kf4 Nxc3 60. Ke3 Nb5 61. Kxe2 Nxa3 62. Kd2 Nb5 63. Kc2 Nxd4+ 0-1

[Event "Tunja Universitario ODUCC (Women)"]
[Site "Tunja"]
[Date "2019.05.22"]
[Round "4.2"]
[White "Zavala Galindo, Alejandra Beatriz"]
[Black "Marin Leon, Valeria"]
[Result "1/2-1/2"]
[WhiteElo "1696"]
[BlackElo "1699"]
[PlyCount "39"]
[EventDate "2019.05.21"]
[EventType "swiss"]
[EventRounds "7"]
[EventCountry "COL"]
[SourceTitle "EXT 2024"]
[Source "ChessBase"]
[SourceDate "2023.10.10"]
[SourceVersion "1"]
[SourceVersionDate "2023.10.10"]
[SourceQuality "1"]

1. e4 e5 2. Nf3 Nf6 3. Nxe5 d6 4. Nf3 Nxe4 5. Nc3 Nxc3 6. dxc3 Nc6 7. Be3 Bf5 8. Qd2 a6 9. Bc4 Qd7 10. 0-0-0 0-0-0 11. h3 h5 12. Qe2 Kb8 13. Bxa6 bxa6 14. Qxa6 Be4 15. Qb5+ Kc8 16. Qa6+ Kb8 17. Qb5+ Kc8 18. Qa6+ Kb8 19. Qb5+ Kc8 20. Qa6+ 1/2-1/2

[Event "San Jose subzonal (Women) 2.3.c"]
[Site "San Jose"]
[Date "2018.03.26"]
[Round "3"]
[White "Cruz Lima, Kimberly Esmeralda"]
[Black "Zavala Galindo, Alejandra Beatriz"]
[Result "1/2-1/2"]
[WhiteElo "1677"]
[BlackElo "1711"]
[PlyCount "81"]
[EventDate "2018.03.25"]
[EventType "swiss"]
[EventRounds "9"]
[EventCountry "CRI"]
[SourceTitle "EXT 2019"]
[Source "ChessBase"]
[SourceDate "2018.10.10"]
[SourceVersion "1"]
[SourceVersionDate "2018.10.10"]
[SourceQuality "1"]

1. e4 c5 2. Nf3 d6 3. d4 cxd4 4. Nxd4 Nf6 5. Nc3 Nc6 6. h3 e5 7. Nf3 h6 8. Be3 Be6 9. Bb5 Be7 10. 0-0 0-0 11. Qe2 a6 12. Ba4 Na5 13. Bb3 Nxb3 14. cxb3 b5 15. Rfd1 Nd7 16. Nd5 f5 17. Nxe7+ Qxe7 18. exf5 Rxf5 19. Qd3 d5 20. Ne1 Raf8 21. f3 d4 22. Bd2 Nb6 23. Qe2 Nd5 24. g4 Nf4 25. Bxf4 Rxf4 26. Qxe5 Qf6 27. Qxf6 R8xf6 28. Rd3 Bd5 29. Rad1 Bxf3 30. Rxf3 Rxf3 31. Nxf3 Rxf3 32. Rxd4 Rxh3 33. Kg2 Re3 34. Kf1 Re6 35. Rf4 g6 36. Kf2 Kg7 37. a4 Re5 38. Rd4 Kf6 39. Rd6+ Re6 40. Rd5 Re5 41. Rd6+ 1/2-1/2

[Event "Olympiad Women-42"]
[Site "Baku"]
[Date "2016.09.12"]
[Round "10.2"]
[White "Zavala Galindo, Alejandra Beatriz"]
[Black "Gomez Barrera, Javiera Belen"]
[Result "0-1"]
[WhiteElo "1766"]
[BlackElo "2027"]
[PlyCount "68"]
[EventDate "2016.09.02"]
[EventType "team-swiss"]
[EventRounds "11"]
[EventCountry "AZE"]
[SourceTitle "CBM 174 Extra"]
[Source "ChessBase"]
[SourceDate "2016.10.10"]
[SourceVersion "1"]
[SourceVersionDate "2016.10.10"]
[SourceQuality "1"]
[WhiteTeam "El Salvador (W)"]
[BlackTeam "Chile (W)"]
[WhiteTeamCountry "ESA"]
[BlackTeamCountry "CHI"]

1. e4 e5 2. Nf3 Nc6 3. Bb5 a6 4. Bxc6 dxc6 5. Nc3 f6 6. d4 exd4 7. Nxd4 Bd6 8. 0-0 Ne7 9. Be3 0-0 10. Qe2 Ng6 11. Rad1 Qe7 12. f4 Re8 13. a3 c5 14. Nf3 c6 15. Qd2 Rd8 16. e5 Bc7 17. Qf2 Rxd1 18. Rxd1 fxe5 19. Bxc5 Qf7 20. Nxe5 Qxf4 21. Qxf4 Nxf4 22. Nd7 Ne6 23. Bb6 Bf4 24. g3 Bg5 25. Ne4 Be7 26. Ne5 Nf8 27. Nd6 Be6 28. c4 Bf6 29. Re1 Bh3 30. c5 Ne6 31. b4 Nd4 32. Kf2 Rf8 33. Nf3 Nxf3 34. Kxf3 Bc3+ 0-1

[Event "Pan American-ch U20 Girls"]
[Site "Asuncion"]
[Date "2014.06.22"]
[Round "2"]
[White "Prado, Alexandra"]
[Black "Zavala Galindo, Alejandra Beatriz"]
[Result "1-0"]
[WhiteElo "1830"]
[BlackElo "1807"]
[PlyCount "65"]
[EventDate "2014.06.21"]
[EventType "swiss"]
[EventRounds "9"]
[EventCountry "PAR"]
[SourceTitle "CBM 161 Extra"]
[Source "ChessBase"]
[SourceDate "2014.08.29"]
[SourceVersion "1"]
[SourceVersionDate "2014.08.29"]
[SourceQuality "1"]

1. e4 c5 2. c3 Nc6 3. d4 cxd4 4. cxd4 d5 5. exd5 Qxd5 6. Nf3 Bg4 7. Nc3 Qd8 8. d5 Bxf3 9. Qxf3 Nb8 10. Bb5+ Nd7 11. 0-0 Ngf6 12. Re1 a6 13. Ba4 b5 14. Bb3 g6 15. Bg5 Bg7 16. d6 e5 17. Nd5 0-0 18. Rac1 h6 19. Ne7+ Kh7 20. Be3 a5 21. a3 a4 22. Ba2 e4 23. Qe2 Qa5 24. Rc7 b4 25. Nc6 Qf5 26. axb4 Rac8 27. Rc1 Rxc7 28. dxc7 Ne5 29. Bc5 Rc8 30. Bd6 Nfd7 31. Na5 Bf6 32. Qa6 Nf8 33. Bxf8 1-0

[Event "Managua Sub zt 2.3.2 (Women)"]
[Site "Managua"]
[Date "2014.04.29"]
[Round "5"]
[White "Garcia Mendez, Alcira Guadalupe"]
[Black "Zavala Galindo, Alejandra Beatriz"]
[Result "1/2-1/2"]
[WhiteElo "1715"]
[BlackElo "1856"]
[PlyCount "33"]
[EventDate "2014.04.27"]
[EventType "swiss"]
[EventRounds "9"]
[EventCountry "NCA"]
[SourceTitle "EXT 2016"]
[Source "ChessBase"]
[SourceDate "2015.10.08"]
[SourceVersion "1"]
[SourceVersionDate "2015.10.08"]
[SourceQuality "1"]

1. e4 c5 2. Nf3 d6 3. d4 cxd4 4. Nxd4 Nf6 5. Nc3 Nc6 6. Bg5 e6 7. Qd2 a6 8. 0-0-0 h6 9. Be3 Bd7 10. f4 b5 11. Nxc6 Bxc6 12. e5 Nd5 13. exd6 Bxd6 14. Nxd5 Bxd5 15. f5 Be5 16. fxe6 Bxe6 17. Qxd8+ 1/2-1/2

[Event "Managua Sub zt 2.3.2 (Women)"]
[Site "Managua"]
[Date "2014.04.28"]
[Round "2"]
[White "Rodriguez Arrieta, Maria Elena"]
[Black "Zavala Galindo, Alejandra Beatriz"]
[Result "1-0"]
[WhiteElo "1887"]
[BlackElo "1856"]
[PlyCount "41"]
[EventDate "2014.04.27"]
[EventType "swiss"]
[EventRounds "9"]
[EventCountry "NCA"]
[SourceTitle "EXT 2016"]
[Source "ChessBase"]
[SourceDate "2015.10.08"]
[SourceVersion "1"]
[SourceVersionDate "2015.10.08"]
[SourceQuality "1"]

1. e4 c5 2. Nf3 d6 3. d4 cxd4 4. Nxd4 Nf6 5. Nc3 Nc6 6. Be2 e5 7. Ndb5 a6 8. Na3 b5 9. Nd5 Be6 10. Nxf6+ Qxf6 11. c4 bxc4 12. Nxc4 Nd4 13. Nb6 Rd8 14. Qa4+ Bd7 15. Nxd7 Rxd7 16. Bxa6 Ke7 17. Be3 g6 18. 0-0 Ne6 19. Bc8 Rc7 20. Rac1 Nc5 21. Bxc5 1-0